000 00655nam a2200193 a 4500
005 20231013063553.0
008 991125s1993 mx 000 0 spa u
020 _a9682956021
035 _aUPN01000004903
049 _aLTG
050 4 _aLB1583
_bM6.5 1993 AD
245 0 0 _aAtlas de geografía universal /
_ced. Pilar Vásquez.
260 _aMéxico :
_bSEP, Comisión Nacional de los Libros de Texto Gratuitos,
_c1993.
300 _a63 p. :
_bil., mapas col.
650 7 _aEducación primaria
_vLibros de texto
_2
_914611
650 4 _aGeografía
_xEstudio y enseñanza (Elemental)
_92801
700 1 _aVásquez Rubio, Pilar,
_eed.
_940883
905 _aLibro
999 _c4903
_d4903